Quantitative methods for business students (Record no. 79918)

MARC details
000 -LEADER
fixed length control field 00903nam a2200193 a 4500
008 - FIXED-LENGTH DATA ELEMENTS--GENERAL INFORMATION
fixed length control field 120416s1980 ||||||||||||||||| || u
020 ## - INTERNATIONAL STANDARD BOOK NUMBER
International Standard Book Number 0434902187
050 ## - LIBRARY OF CONGRESS CALL NUMBER
Classification number HD 30.25 Car
100 ## - MAIN ENTRY--PERSONAL NAME
Personal name Carter, Roger
245 10 - TITLE STATEMENT
Title Quantitative methods for business students
260 ## - PUBLICATION, DISTRIBUTION, ETC.
Place of publication, distribution, etc. London
Name of publisher, distributor, etc. Heinemann
Date of publication, distribution, etc. 1980
300 ## - PHYSICAL DESCRIPTION
Extent viii, 220p. : ill.
350 ## -
-- 0.00
650 #0 - SUBJECT ADDED ENTRY--TOPICAL TERM
Topical term or geographic name entry element MANAGEMENT
650 ## - SUBJECT ADDED ENTRY--TOPICAL TERM
Topical term or geographic name entry element MANAGEMENT--QUANTITATIVE METHODS
995 ## -
-- MAIN LIBRARY OPEN ACCESS
-- 0.00
-- 708991
-- CBU-MAIN LIBRARY (Kitwe)
-- 3
-- 17.50
-- HD 30.25 Car
-- 1
-- AVAILABLE
-- 002706
-- Main Library Open Access Collection
995 ## -
-- BINDERY (DAMAGED)
-- 0.00
-- 708990
-- CBU-MAIN LIBRARY (Kitwe)
-- 2
-- 17.50
-- HD 30.25 Car
-- 2
-- DAMAGED
-- 002707
-- Main Library Open Access Collection
995 ## -
-- MAIN LIBRARY OPEN ACCESS
-- 0.00
-- 708992
-- CBU-MAIN LIBRARY (Kitwe)
-- 1
-- 17.50
-- HD 30.25 Car
-- 3
-- LOST
-- 708992
-- Main Library Open Access Collection
999 ## -
-- 79918
-- 79918
Holdings
Withdrawn status Lost status Source of classification or shelving scheme Damaged status Not for loan Permanent Location Current Location Shelving location Date acquired Total Checkouts Full call number Barcode Date last seen Copy number Price effective from Koha item type
          CBU-MAIN LIBRARY, KITWE. CBU-MAIN LIBRARY, KITWE.   06/29/2023   HD 30.25 Car 002706 06/29/2023 1 06/29/2023 MONOGRAPH
          CBU-MAIN LIBRARY, KITWE. CBU-MAIN LIBRARY, KITWE.   06/29/2023   HD 30.25 Car 002707 06/29/2023 2 06/29/2023 MONOGRAPH
          CBU-MAIN LIBRARY, KITWE. CBU-MAIN LIBRARY, KITWE.   06/29/2023   HD 30.25 Car 708992 06/29/2023 3 06/29/2023 MONOGRAPH